| 000 | 00450nam a22001697a 4500 | ||
|---|---|---|---|
| 003 | NUST - PNEC | ||
| 005 | 20170116180803.0 | ||
| 008 | 150418b xxu||||| |||| 00| 0 eng d | ||
| 040 | _cLIBRARY | ||
| 082 | _a297.9 ABD | ||
| 100 |
_92741 _aAbdur Rehman |
||
| 245 |
_aTareekh Ibne Khaldoon-9 _cAlama Abdur Rehman |
||
| 260 |
_aKarachi: _bNafees Academy, |
||
| 300 |
_a253 p. : _c25 cm. |
||
| 650 |
_92742 _aIslam, Khilafat _xGeneral |
||
| 942 |
_2ddc _cBK |
||
| 999 |
_c63070 _d63070 |
||